Košice-Galgovec osídlenie polohy v strednom neolite
| Titel: | Košice-Galgovec osídlenie polohy v strednom neolite / L'ubomíra Kaminská |
|---|---|
| Verfasser: | |
| Veröffentlicht: | Nitra : Archeologický ústav SAV, 2020 |
| Umfang: | 514 Seiten : Illustrationen |
| Format: | Buch |
| Sprache: | Slowakisch |
| Schriftenreihe/ mehrbändiges Werk: |
Archaeologica Slovaca Monographiae. Fontes ; 28 |
| ISBN: | 9788081960444 |
alg: 48752996 001A $04006:09-11-21 001B $03025:24-08-22 $t12:46:50.000 001D $04006:09-11-21 001U $0utf8 001X $00 002@ $0Aay 002C $aText $btxt $2rdacontent 002D $aohne Hilfsmittel zu benutzen $bn $2rdamedia 002E $aBand $bnc $2rdacarrier 003@ $0487529960 003O $01284853577 $aOCoLC 004A $A978-80-8196-044-4 007A $01774607883 $aKXP 010@ $aslo 010E $erda 011@ $a2020 $n2020 021A $aKošice-Galgovec osídlenie polohy v strednom neolite $hL'ubomíra Kaminská 028A $BVerfasser $#Kaminská, Ľubomíra $#Kaminská, Lubomíra $4aut $71153486075 $8Kaminská, Ľubomíra$Z1954- [Tp3] $9426738276 033A $pNitra $nArcheologický ústav SAV 034D $a514 Seiten 034M $aIllustrationen 036E $aArchaeologica Slovaca Monographiae. Fontes $l28 037A $aEnglische Zusammenfassung in englischer Sprache unter dem Titel "Settlement at the site in the Middle Neolithic", Seite 181-191 037A $aLiteraturverzeichnis Seite 192-201 044K $RKassa $#Kaschau Košice $#Koshice $#Cassovia Košice $71028389-4 $8Košice [Tg1] $9042044669 044K $RArchäologie $#Landscape archaeology $#Archéologie du paysage $#Arqueología del paisaje $74181216-5 $8Siedlungsarchäologie [Ts1] $9085868086 045F $a930.1094373 $eDDC23BSB 045F/01 $a930.1 045F/03 $g4373 lok: 48752996 36 exp: 48752996 36 1 #EPN 201B/01 $007-01-22 $t12:23:09.000 201C/01 $009-11-21 201U/01 $0utf8 203@/01 $01172600368 208@/01 $a09-11-21 $bz 209A/01 $aE 60/458 $dd $f001 $x00 209C/01 $a2021.2627 T 247C/01 $8658001-4Mainz, LEIZA - Leibniz-Zentrum für Archäologie, Bibliothek $9102601143 lok: 48752996 78 exp: 48752996 78 1 #EPN 201B/01 $024-08-22 $t12:45:38.000 201C/01 $024-08-22 201U/01 $0utf8 203@/01 $01212894820 208@/01 $a24-08-22 $be 209A/01 $a/ $f000 $x00 209A/01 $ab*p $x01 220C/01 $aeja 244Z/01 $#Slowakei $#Slowakei $#Slowakische Republik $#Oberungarn $#Slovensko $#Slovenská Republika $#Slovenská SR $#SSR $#Slovakia $#Slovaquie $#Slovak Republic $#République Slovaque $#Slovenská Socialistická Republika $#Slowakische Sozialistische Republik $#Slovak Socialist Republic $#République Socialiste Slovaque $74055297-4 $8--Tg1--Slowakei $x16 $9085153834 247C/01 $82080>Marburg/Lahn, Herder-Institut, Forschungsbibliothek, Bibliographieportal $9336309341
| LEADER | 00000cam a22000002c 4500 | ||
|---|---|---|---|
| 001 | 487529960 | ||
| 003 | DE-603 | ||
| 005 | 20220824124650.0 | ||
| 007 | tu | ||
| 008 | 211109s2020 xx |||| | u00||u|slo c | ||
| 020 | |a 9788081960444 | ||
| 035 | |a (DE-599)KXP1774607883 | ||
| 035 | |a (OCoLC)1284853577 | ||
| 040 | |a DE-603 |b ger |c DE-603 |d DE-603 |e rda | ||
| 041 | |a slo | ||
| 082 | 0 | 4 | |8 1\u |a 930.1094373 |q DE-101 |2 23/BSB |
| 085 | |8 1\u |b 930.1 | ||
| 085 | |8 1\u |z 2 |s 4373 | ||
| 100 | 1 | |a Kaminská, Ľubomíra |d 1954- |e Verfasser |4 aut |0 (DE-603)426738276 |0 (DE-588)1153486075 |2 gnd | |
| 245 | 0 | 0 | |a Košice-Galgovec osídlenie polohy v strednom neolite |c L'ubomíra Kaminská |
| 264 | 1 | |a Nitra |b Archeologický ústav SAV |c 2020 | |
| 300 | |a 514 Seiten |b Illustrationen | ||
| 336 | |a Text |b txt |2 rdacontent | ||
| 337 | |a ohne Hilfsmittel zu benutzen |b n |2 rdamedia | ||
| 338 | |a Band |b nc |2 rdacarrier | ||
| 490 | 0 | |a Archaeologica Slovaca Monographiae. Fontes |v 28 | |
| 500 | |a Englische Zusammenfassung in englischer Sprache unter dem Titel "Settlement at the site in the Middle Neolithic", Seite 181-191 | ||
| 500 | |a Literaturverzeichnis Seite 192-201 | ||
| 650 | 7 | |a Siedlungsarchäologie |0 (DE-588)4181216-5 |0 (DE-603)085868086 |2 gnd | |
| 651 | 7 | |a Košice |0 (DE-588)1028389-4 |0 (DE-603)042044669 |2 gnd | |
| 924 | 0 | |9 Mz 1 |a (DE-603)1172600368 |b DE-Mz1 |c HES |d d |g E 60/458 | |
| 924 | 0 | |9 2080 |a (DE-603)1212894820 |b DE-2080 |c HES |d d |g / | |


